[Event "Peterborough 4NCL Easter op-A"]
[Site "Peterborough"]
[Date "2024.03.30"]
[Round "3"]
[White "Alldritt, Nigel RE"]
[Black "Dilley, Jason M"]
[Result "1-0"]
[WhiteElo "1977"]
[BlackElo "2032"]
[PlyCount "95"]
[EventDate "2024.03.29"]
[EventType "swiss"]
[EventRounds "7"]
[EventCountry "ENG"]
[SourceTitle "CB14_2024"]
[SourceDate "2024.04.01"]
[SourceVersion "1"]
[SourceVersionDate "2024.04.01"]
[SourceQuality "1"]

1. d4 d5 2. c4 c6 3. Nf3 Nf6 4. e3 Bg4 5. h3 Bxf3 6. Qxf3 e6 7. Nc3 Nbd7 8. Bd2 Be7 9. cxd5 exd5 10. Bd3 Nf8 11. 0-0 Ne6 12. Rfc1 h5 13. g3 g5 14. Qe2 Qd6 15. b4 Kf8 16. Kg2 Re8 17. Rh1 Bd8 18. Qd1 Ng7 19. Qb3 Kg8 20. Rag1 Qe6 21. Qc2 Ne4 22. Nxe4 dxe4 23. Be2 Rh6 24. Qc4 Qd7 25. Bc3 Kh7 26. Rd1 Rd6 27. h4 g4 28. b5 Nf5 29. Bb4 Rd5 30. bxc6 bxc6 31. Rc1 Re6 32. Qc2 Bc7 33. Bc4 Bxg3 34. Bxd5 cxd5 35. Qb3 Bxh4 36. Rc5 Qd6 37. Bd2 Bxf2 38. Qxd5 Qg3+ 39. Kf1 Rf6 40. Rxh5+ Kg6 41. Rxf5 Qh3+ 42. Ke2 Bh4 43. Rxf6+ Bxf6 44. Qxe4+ Kg7 45. Rc1 g3 46. Rh1 Qd7 47. Qh7+ Kf8 48. Bb4+ 1-0

[Event "Harrogate 4NCL op 31st"]
[Site "Harrogate"]
[Date "2024.01.19"]
[Round "1"]
[White "Arkell, Keith C"]
[Black "Alldritt, Nigel RE"]
[Result "1-0"]
[WhiteElo "2380"]
[BlackElo "1972"]
[PlyCount "61"]
[EventDate "2024.01.19"]
[EventType "swiss"]
[EventRounds "5"]
[EventCountry "ENG"]
[SourceTitle "CB05_2024"]
[SourceDate "2024.01.31"]
[SourceVersion "1"]
[SourceVersionDate "2024.01.31"]
[SourceQuality "1"]

1. c4 e5 2. Nc3 Bb4 3. Nf3 Bxc3 4. bxc3 d6 5. c5 Nc6 6. cxd6 cxd6 7. d3 Nge7 8. c4 0-0 9. e3 d5 10. cxd5 Nxd5 11. Bd2 Be6 12. Rb1 a5 13. a3 Qe7 14. Qc1 Rfc8 15. Qb2 f6 16. Be2 b5 17. e4 Nc7 18. 0-0 Qd6 19. Rfc1 Rab8 20. Be3 b4 21. Bc5 Qd7 22. axb4 Nxb4 23. Qd2 Nca6 24. Be3 Rxc1+ 25. Rxc1 Qb7 26. d4 Qxe4 27. dxe5 Qb7 28. Qd6 Qd7 29. Rd1 Rd8 30. Bb6 Rb8 31. Bxa5 1-0

[Event "BCF-chT2 2324 (4NCL)"]
[Site "England"]
[Date "2024.01.14"]
[Round "4.2"]
[White "Alldritt, Nigel RE"]
[Black "Wilks, Simon"]
[Result "1-0"]
[WhiteElo "1999"]
[BlackElo "2059"]
[PlyCount "95"]
[EventDate "2023.11.11"]
[EventType "team-tourn"]
[EventRounds "11"]
[EventCountry "ENG"]
[SourceTitle "CB11_2024"]
[SourceDate "2024.03.13"]
[SourceVersion "1"]
[SourceVersionDate "2024.03.13"]
[SourceQuality "1"]
[WhiteTeam "Cambridge University"]
[BlackTeam "Schach Attack"]
[WhiteTeamCountry "ENG"]
[BlackTeamCountry "ENG"]

1. d4 Nf6 2. c4 e6 3. g3 d5 4. Nf3 Be7 5. Bg2 0-0 6. 0-0 dxc4 7. Qc2 a6 8. a4 Bd7 9. Qxc4 Bc6 10. Bf4 Bd6 11. Qc1 Nbd7 12. Nc3 Qe7 13. Rd1 Nd5 14. Bg5 f6 15. Bd2 f5 16. Bg5 Qf7 17. Nxd5 Bxd5 18. Bf4 Qe7 19. Ne5 c6 20. Nxd7 Qxd7 21. f3 Bxf4 22. gxf4 b5 23. a5 Qd6 24. e3 Rac8 25. Qc5 Qxc5 26. dxc5 Rcd8 27. Rac1 Bb3 28. Rd6 Rxd6 29. cxd6 Bc4 30. Rc3 Rd8 31. b3 Bd5 32. e4 b4 33. Re3 Rxd6 34. exd5 cxd5 35. Rd3 Rc6 36. Rd4 Rc5 37. Rxb4 Rxa5 38. Ra4 Rb5 39. b4 Rb6 40. Bf1 Kf7 41. Bxa6 Kf6 42. Bd3 g5 43. fxg5+ Kxg5 44. b5 e5 45. f4+ exf4 46. Rd4 Rd6 47. Kg2 Kg4 48. Be2+ 1-0

[Event "BCF-chT2 2324 (4NCL)"]
[Site "England"]
[Date "2023.11.11"]
[Round "1.26"]
[White "Alldritt, Nigel RE"]
[Black "Phillips, William"]
[Result "1-0"]
[WhiteElo "1999"]
[BlackElo "1801"]
[PlyCount "99"]
[EventDate "2023.11.11"]
[EventType "team-tourn"]
[EventRounds "11"]
[EventCountry "ENG"]
[SourceTitle "CB46_2023"]
[SourceDate "2023.11.15"]
[SourceVersion "1"]
[SourceVersionDate "2023.11.15"]
[SourceQuality "1"]
[WhiteTeam "Cambridge University"]
[BlackTeam "Cambridge University II"]
[WhiteTeamCountry "ENG"]
[BlackTeamCountry "ENG"]

1. d4 Nf6 2. c4 b6 3. Nf3 e6 4. g3 Bb4+ 5. Bd2 Be7 6. Bg2 Bb7 7. 0-0 0-0 8. Bf4 d5 9. Ne5 c5 10. dxc5 Bxc5 11. Nc3 Ne4 12. cxd5 Nxc3 13. bxc3 exd5 14. Qb3 Nd7 15. Nxd7 Qxd7 16. Rad1 Qe6 17. Rfe1 Rfd8 18. Rd2 Rd7 19. Red1 Rad8 20. e4 d4 21. Qxe6 fxe6 22. Bg5 Be7 23. Bxe7 Rxe7 24. cxd4 Rc7 25. f4 Rdc8 26. Bh3 Re8 27. d5 exd5 28. exd5 Rd8 29. d6 Rc5 30. Re1 Kf8 31. Re7 Rd5 32. Rc2 Ba6 33. Rxa7 Bd3 34. Rcc7 R5xd6 35. Rf7+ Kg8 36. Rxg7+ Kh8 37. Rgd7 Bb5 38. Rxd6 Rxd6 39. Bf5 Rd1+ 40. Kg2 Rd2+ 41. Kh3 Bf1+ 42. Kg4 Rxh2 43. Kg5 Bc4 44. a3 b5 45. Kf6 Rh6+ 46. Ke5 Rh2 47. g4 Kg8 48. g5 Rd2 49. Bxh7+ Kf8 50. Be4 1-0

[Event "Scarborough op"]
[Site "Scarborough"]
[Date "2023.10.29"]
[Round "4"]
[White "Alldritt, Nigel RE"]
[Black "Grillage, Andrew"]
[Result "1-0"]
[WhiteElo "1999"]
[BlackElo "1990"]
[PlyCount "71"]
[EventDate "2023.10.27"]
[EventType "swiss"]
[EventRounds "5"]
[EventCountry "ENG"]
[SourceTitle "Mega2024 Update 01"]
[Source "Chessbase"]
[SourceDate "2023.11.12"]
[SourceVersion "1"]
[SourceVersionDate "2023.11.12"]
[SourceQuality "1"]

1. d4 Nf6 2. c4 e6 3. g3 Bb4+ 4. Bd2 Bxd2+ 5. Qxd2 d6 6. Bg2 0-0 7. Nc3 Nc6 8. e4 e5 9. d5 Nd4 10. Nge2 Nxe2 11. Nxe2 Qe7 12. 0-0 Bd7 13. b4 b6 14. Rfc1 a5 15. c5 Rfc8 16. c6 Be8 17. a3 Kh8 18. Qb2 Ng8 19. Nc3 f6 20. Nd1 Nh6 21. Ne3 Bg6 22. g4 Ng8 23. f3 Qf7 24. Nc4 axb4 25. axb4 Qe8 26. Rxa8 Rxa8 27. Ra1 Ne7 28. Rxa8 Qxa8 29. Qa3 Qc8 30. Qa7 Bxe4 31. Nxd6 cxd6 32. Qxe7 Bxd5 33. c7 Qa6 34. Bf1 Qa1 35. c8Q+ Bg8 36. Qxg8+ 1-0

[Event "Scarborough op"]
[Site "Scarborough"]
[Date "2023.10.29"]
[Round "5"]
[White "Patel, Keatan"]
[Black "Alldritt, Nigel RE"]
[Result "0-1"]
[WhiteElo "1700"]
[BlackElo "1999"]
[PlyCount "112"]
[EventDate "2023.10.27"]
[EventType "swiss"]
[EventRounds "5"]
[EventCountry "ENG"]
[SourceTitle "Mega2024 Update 01"]
[Source "Chessbase"]
[SourceDate "2023.11.12"]
[SourceVersion "1"]
[SourceVersionDate "2023.11.12"]
[SourceQuality "1"]

1. Nf3 Nf6 2. d4 g6 3. c4 Bg7 4. Nc3 d5 5. Qb3 dxc4 6. Qxc4 0-0 7. e4 Nfd7 8. Be3 Nb6 9. Qb3 Bg4 10. Rd1 Nc6 11. d5 Ne5 12. Be2 Nxf3+ 13. gxf3 Bh5 14. f4 Bxe2 15. Nxe2 Qd7 16. Nd4 Qh3 17. Qc2 Qg2 18. Kd2 Rac8 19. Rdg1 Qh3 20. f5 c5 21. Ne2 Qf3 22. Ng3 Bxb2 23. fxg6 fxg6 24. h4 Bd4 25. Nf5 Bxe3+ 26. fxe3 Nxd5 27. Qc4 Kh8 28. h5 Rxf5 29. exf5 Qxe3+ 30. Kc2 Qxg1 31. Qxd5 Qf2+ 32. Kc3 Qxf5 33. Qxb7 Qe5+ 34. Kc2 Rb8 35. Qf3 Qf5+ 36. Qxf5 gxf5 37. Re1 Re8 38. Re5 e6 39. Rxc5 Re7 40. Kd3 Kg7 41. Rc2 Kh6 42. Rh2 e5 43. Ke3 Kg5 44. Kf3 e4+ 45. Ke3 f4+ 46. Kd4 e3 47. Rh1 e2 48. Re1 f3 49. Kd3 Kf4 50. Kd2 Rd7+ 51. Kc2 Ke3 52. Rb1 Rc7+ 53. Kb2 Rb7+ 54. Ka3 Rxb1 55. h6 e1Q 56. Ka4 Qb4# 0-1

[Event "Scarborough op"]
[Site "Scarborough"]
[Date "2023.10.27"]
[Round "1"]
[White "Gosling, Marcus"]
[Black "Alldritt, Nigel RE"]
[Result "0-1"]
[WhiteElo "1916"]
[BlackElo "1999"]
[PlyCount "88"]
[EventDate "2023.10.27"]
[EventType "swiss"]
[EventRounds "5"]
[EventCountry "ENG"]
[SourceTitle "Mega2024 Update 01"]
[Source "Chessbase"]
[SourceDate "2023.11.12"]
[SourceVersion "1"]
[SourceVersionDate "2023.11.12"]
[SourceQuality "1"]

1. d4 Nf6 2. c4 g6 3. Nc3 d5 4. cxd5 Nxd5 5. Bd2 Bg7 6. e4 Nxc3 7. Bxc3 0-0 8. Be2 b6 9. Nf3 Bb7 10. Qc2 e6 11. Rc1 Nc6 12. Rd1 Qe7 13. a3 Rfd8 14. 0-0 Rac8 15. Rfe1 Nb8 16. Qb1 Nd7 17. b4 Nf6 18. Bd3 Ne8 19. Qb2 Nd6 20. b5 c6 21. bxc6 Rxc6 22. Bb4 Qc7 23. Bxd6 Qxd6 24. e5 Qe7 25. Be4 Rcc8 26. Ng5 Qxg5 27. Bxb7 Rc7 28. Ba6 Qe7 29. Rc1 Bh6 30. Rc3 Rxc3 31. Qxc3 Bf8 32. a4 Qb4 33. Qxb4 Bxb4 34. Rd1 Bc3 35. Rd3 Bxd4 36. Kf1 Kf8 37. Ke2 g5 38. Kf3 Ke7 39. Kg4 Bxe5 40. Rxd8 Kxd8 41. g3 h6 42. Kh5 Bg7 43. h4 gxh4 44. Kxh4 Ke7 0-1

[Event "GBR-ch 109th"]
[Site "Leicester"]
[Date "2023.07.26"]
[Round "5"]
[White "Ismail, Mohammed Aayan"]
[Black "Alldritt, Nigel RE"]
[Result "1-0"]
[WhiteElo "2169"]
[BlackElo "1962"]
[PlyCount "63"]
[EventDate "2023.07.22"]
[EventType "swiss"]
[EventRounds "9"]
[EventCountry "ENG"]
[SourceTitle "CBM 215 Extra"]
[Source "ChessBase"]
[SourceDate "2023.09.30"]
[SourceVersion "1"]
[SourceVersionDate "2023.09.30"]
[SourceQuality "1"]

1. c4 e5 2. Nc3 Bb4 3. g3 Bxc3 4. bxc3 d6 5. Bg2 Nc6 6. d3 Nge7 7. f4 0-0 8. Nf3 h6 9. 0-0 Be6 10. fxe5 dxe5 11. Rb1 Rb8 12. Ba3 f5 13. Ne1 Rf7 14. Qa4 Bd7 15. Bxe7 Rxe7 16. Bd5+ Kh8 17. Ng2 g6 18. Bxc6 Bxc6 19. Qxa7 Ra8 20. Qe3 Rxa2 21. Qxh6+ Rh7 22. Qe3 Qd6 23. Ra1 Rxa1 24. Rxa1 b6 25. d4 Re7 26. d5 Bb7 27. Ra7 Bc8 28. Ra8 Re8 29. Qh6+ Kg8 30. Nh4 Bd7 31. Ra1 Qc5+ 32. e3 1-0

[Event "Daventry 4NCL op-A 30th"]
[Site "Daventry"]
[Date "2023.06.18"]
[Round "5"]
[White "Hertog, Alexander"]
[Black "Alldritt, Nigel RE"]
[Result "1/2-1/2"]
[WhiteElo "1645"]
[BlackElo "1971"]
[PlyCount "120"]
[EventDate "2023.06.16"]
[EventType "swiss"]
[EventRounds "5"]
[EventCountry "ENG"]
[SourceTitle "CBM 214 Extra"]
[Source "ChessBase"]
[SourceDate "2023.07.31"]
[SourceVersion "1"]
[SourceVersionDate "2023.07.31"]
[SourceQuality "1"]

1. d4 Nf6 2. c4 g6 3. Nf3 Bg7 4. g3 0-0 5. Bg2 c6 6. 0-0 d5 7. Nbd2 Ne4 8. e3 Nf6 9. b3 a5 10. Bb2 b5 11. cxb5 cxb5 12. a4 Ba6 13. Re1 Nc6 14. Ne5 Nb4 15. Ba3 Qb6 16. Bxb4 axb4 17. a5 Qd6 18. Qe2 Rfc8 19. Nd3 e6 20. Nc5 Nd7 21. Nxa6 Qxa6 22. Bf1 Rab8 23. Nf3 f5 24. Qb2 Nc5 25. Nd2 Nb7 26. Ra4 Nd6 27. Ra2 Nf7 28. Nf3 Nd6 29. Nd2 g5 30. h3 Rc7 31. Rc1 Rbc8 32. Rxc7 Rxc7 33. Bd3 Rc3 34. Bc2 f4 35. Nb1 fxe3 36. Nxc3 exf2+ 37. Kxf2 Bxd4+ 38. Kg2 Bxc3 39. Qb1 Qa7 40. Bxh7+ Qxh7 41. Qxh7+ Kxh7 42. a6 Nc8 43. a7 Nb6 44. a8Q Nxa8 45. Rxa8 Kg6 46. Kf3 Kf5 47. Rf8+ Bf6 48. Rb8 Bc3 49. Rxb5 Kg6 50. Rb8 Bd2 51. Ke2 Bc3 52. Rc8 Be5 53. Kf3 Bb2 54. Kg4 Bf6 55. Rb8 Bc3 56. Rg8+ Bg7 57. Rxg7+ Kxg7 58. Kxg5 d4 59. Kf4 e5+ 60. Ke4 Kg6 1/2-1/2

[Event "Daventry 4NCL op-A 30th"]
[Site "Daventry"]
[Date "2023.06.17"]
[Round "3"]
[White "Yzeiraj, Diamant"]
[Black "Alldritt, Nigel RE"]
[Result "0-1"]
[WhiteElo "1686"]
[BlackElo "1971"]
[PlyCount "80"]
[EventDate "2023.06.16"]
[EventType "swiss"]
[EventRounds "5"]
[EventCountry "ENG"]
[SourceTitle "CBM 214 Extra"]
[Source "ChessBase"]
[SourceDate "2023.07.31"]
[SourceVersion "1"]
[SourceVersionDate "2023.07.31"]
[SourceQuality "1"]

1. e4 e6 2. d4 d5 3. Nc3 Bb4 4. e5 c5 5. a3 Bxc3+ 6. bxc3 Ne7 7. Qg4 0-0 8. Bd3 f5 9. exf6 Rxf6 10. Bg5 Rf7 11. Qh5 g6 12. Qd1 Qa5 13. Nf3 Rxf3 14. gxf3 Qxc3+ 15. Kf1 c4 16. Be2 Nf5 17. Ra2 Qxd4 18. Qxd4 Nxd4 19. c3 Nf5 20. Bd1 Nc6 21. h4 h5 22. Re2 Kf7 23. Bc2 Bd7 24. Kg2 e5 25. Rhe1 Re8 26. Rb1 b6 27. Rbe1 b5 28. Rb1 a6 29. Rbe1 a5 30. f4 e4 31. f3 exf3+ 32. Kxf3 Rxe2 33. Rxe2 d4 34. Bxf5 Bxf5 35. cxd4 Nxd4+ 36. Kf2 Nc6 37. Rb2 b4 38. axb4 axb4 39. Bd8 c3 40. Rxb4 Nxb4 0-1

[Event "Daventry 4NCL op-A 30th"]
[Site "Daventry"]
[Date "2023.06.16"]
[Round "1"]
[White "Lawton, Geoffrey W"]
[Black "Alldritt, Nigel RE"]
[Result "1-0"]
[WhiteElo "2369"]
[BlackElo "1971"]
[PlyCount "65"]
[EventDate "2023.06.16"]
[EventType "swiss"]
[EventRounds "5"]
[EventCountry "ENG"]
[SourceTitle "CBM 214 Extra"]
[Source "ChessBase"]
[SourceDate "2023.07.31"]
[SourceVersion "1"]
[SourceVersionDate "2023.07.31"]
[SourceQuality "1"]

1. Nf3 Nf6 2. g3 g6 3. Bg2 Bg7 4. 0-0 0-0 5. d4 d5 6. c4 c6 7. Nbd2 Ne4 8. e3 Nxd2 9. Nxd2 dxc4 10. Nxc4 Be6 11. b3 Bd5 12. Ba3 Nd7 13. Rc1 Bxg2 14. Kxg2 Re8 15. Qc2 Rc8 16. Rfd1 Qc7 17. b4 Qb8 18. Bb2 Nb6 19. Na5 e5 20. dxe5 Bxe5 21. a3 Re7 22. Bxe5 Qxe5 23. Qc5 Qxc5 24. Rxc5 Rce8 25. Rc2 Kg7 26. Nb3 Nd5 27. Rd3 h5 28. b5 Nf6 29. bxc6 Rc7 30. Nd4 bxc6 31. Nb5 Rb7 32. Nd6 Rd7 33. Nxe8+ 1-0

[Event "ENG-ch Chessable"]
[Site "Kenilworth"]
[Date "2023.05.27"]
[Round "3"]
[White "Yoon, Jacob D"]
[Black "Alldritt, Nigel RE"]
[Result "1-0"]
[WhiteElo "2035"]
[BlackElo "1954"]
[PlyCount "139"]
[EventDate "2023.05.26"]
[EventType "swiss"]
[EventRounds "7"]
[EventCountry "ENG"]
[SourceTitle "CBM 214 Extra"]
[Source "ChessBase"]
[SourceDate "2023.07.31"]
[SourceVersion "1"]
[SourceVersionDate "2023.07.31"]
[SourceQuality "1"]

1. d4 Nf6 2. Nf3 g6 3. Nbd2 d5 4. e3 Bg7 5. b4 0-0 6. c4 a5 7. b5 c5 8. Bb2 Nbd7 9. Rc1 cxd4 10. Bxd4 Re8 11. Be2 e5 12. Ba1 e4 13. Nd4 Ne5 14. c5 Bg4 15. 0-0 Nd3 16. Rc3 Bxe2 17. Qxe2 Nd7 18. c6 bxc6 19. bxc6 N7c5 20. N2b3 Nxb3 21. Rxb3 Rc8 22. Rxd3 exd3 23. Qxd3 Qb6 24. Rc1 Re4 25. h3 Bxd4 26. Bxd4 Rxd4 27. Qxd4 Rxc6 28. Qxb6 Rxb6 29. Rc5 a4 30. Ra5 Rb4 31. a3 Rc4 32. Kf1 d4 33. exd4 Rxd4 34. Ke2 Rc4 35. g3 Rc2+ 36. Ke1 Rc4 37. Kd2 Kg7 38. Kd3 Rc1 39. Rxa4 Ra1 40. Ra7 g5 41. a4 h5 42. Ke4 h4 43. gxh4 gxh4 44. Kf4 Rf1 45. f3 Rg1 46. a5 Rg3 47. Rb7 Rxh3 48. Rb1 Rh2 49. Ra1 Rb2 50. Kg4 Rb7 51. a6 Ra7 52. Kxh4 Kf6 53. Kg4 Kg6 54. Kf4 Kf6 55. Ke4 Ke6 56. Ra2 Kd6 57. Kf5 Kd5 58. f4 Kd4 59. Kf6 Kd5 60. f5 Kd6 61. Rd2+ Kc5 62. Kg7 Rxa6 63. Kxf7 Ra1 64. f6 Rg1 65. Kf8 Kc6 66. Rd4 Rg2 67. f7 Kc5 68. Re4 Kd5 69. Re1 Kd6 70. Ke8 1-0

[Event "ENG-ch Seniors 50"]
[Site "Leamington Spa"]
[Date "2023.05.04"]
[Round "1"]
[White "Alldritt, Nigel RE"]
[Black "Hebden, Mark"]
[Result "0-1"]
[WhiteElo "1954"]
[BlackElo "2434"]
[PlyCount "48"]
[EventDate "2023.05.04"]
[EventType "swiss"]
[EventRounds "7"]
[EventCountry "ENG"]
[SourceTitle "CBM 214 Extra"]
[Source "ChessBase"]
[SourceDate "2023.07.31"]
[SourceVersion "1"]
[SourceVersionDate "2023.07.31"]
[SourceQuality "1"]

1. d4 Nf6 2. c4 g6 3. g3 Bg7 4. Bg2 0-0 5. Nf3 d6 6. 0-0 Nbd7 7. Nc3 e5 8. e4 a6 9. Re1 c6 10. h3 Re8 11. Be3 b5 12. dxe5 dxe5 13. b4 a5 14. a3 bxc4 15. Bf1 axb4 16. axb4 Rb8 17. Rb1 Ba6 18. Nd2 Nb6 19. Bxb6 Qxb6 20. Nxc4 Qd4 21. Qb3 Bf8 22. Red1 Rxb4 23. Qc2 Rxb1 24. Nxb1 Qxe4 0-1

[Event "BCF-chT3E 2223 (4NCL)"]
[Site "England"]
[Date "2023.05.01"]
[Round "11.44"]
[White "Young, Alan J"]
[Black "Alldritt, Nigel RE"]
[Result "1/2-1/2"]
[WhiteElo "2051"]
[BlackElo "2001"]
[PlyCount "79"]
[EventDate "2022.11.05"]
[EventType "team-tourn"]
[EventRounds "11"]
[EventCountry "ENG"]
[SourceTitle "EXT 2024"]
[Source "ChessBase"]
[SourceDate "2023.10.10"]
[SourceVersion "1"]
[SourceVersionDate "2023.10.10"]
[SourceQuality "1"]
[WhiteTeam "Rhyfelwyr Essyllwg"]
[BlackTeam "Cambridge University II"]
[WhiteTeamCountry "ENG"]
[BlackTeamCountry "ENG"]

1. e4 e6 2. d4 d5 3. Nc3 Bb4 4. e5 c5 5. a3 Bxc3+ 6. bxc3 Ne7 7. Qg4 0-0 8. Bd3 f5 9. exf6 Rxf6 10. Bg5 Rf7 11. Qh5 g6 12. Qd1 Qa5 13. Bd2 Nd7 14. Nf3 c4 15. Be2 Nc6 16. h4 Nf6 17. 0-0 Ne4 18. Ng5 Nxg5 19. hxg5 Bd7 20. Bg4 Re8 21. Qe2 Qc7 22. Rae1 e5 23. Bxd7 Qxd7 24. dxe5 Rxe5 25. Qd1 Rfe7 26. Rxe5 Rxe5 27. Be3 b6 28. Qd2 Re8 29. Rd1 Rd8 30. Bd4 Nxd4 31. cxd4 Re8 32. Re1 Rxe1+ 33. Qxe1 Kf7 34. Qe5 Qe6 35. Qh8 Qe1+ 36. Kh2 Qxf2 37. Qxh7+ Kf8 38. Qh8+ Kf7 39. Qh7+ Kf8 40. Qh8+ 1/2-1/2

[Event "BCF-chT3E 2223 (4NCL)"]
[Site "England"]
[Date "2023.03.25"]
[Round "7.64"]
[White "Alldritt, Nigel RE"]
[Black "Faulks, Nick"]
[Result "1-0"]
[WhiteElo "2001"]
[BlackElo "1802"]
[PlyCount "119"]
[EventDate "2022.11.05"]
[EventType "team-tourn"]
[EventRounds "11"]
[EventCountry "ENG"]
[SourceTitle "EXT 2024"]
[Source "ChessBase"]
[SourceDate "2023.10.10"]
[SourceVersion "1"]
[SourceVersionDate "2023.10.10"]
[SourceQuality "1"]
[WhiteTeam "Cambridge University II"]
[BlackTeam "Surbiton"]
[WhiteTeamCountry "ENG"]
[BlackTeamCountry "ENG"]

1. d4 Nf6 2. c4 c5 3. d5 b5 4. cxb5 a6 5. bxa6 e6 6. Nc3 exd5 7. Nxd5 Bxa6 8. Bg5 Be7 9. Nxe7 Qxe7 10. Nf3 0-0 11. e3 Bxf1 12. Kxf1 Qe6 13. Bxf6 Qxf6 14. Qc2 Qa6+ 15. Kg1 Nc6 16. a3 Nb4 17. Qd2 Rab8 18. Rd1 Nc6 19. h3 Qb6 20. Kh2 Qxb2 21. Qxb2 Rxb2 22. Rxd7 Rxf2 23. Rc7 Nd8 24. Rxc5 Ra2 25. Rc3 Re8 26. Rc8 Kf8 27. Rd1 Ne6 28. Rc3 Ra8 29. Rdd3 Rb8 30. Rd2 Rxd2 31. Nxd2 Ke7 32. Nb3 Ra8 33. Nd4 Nxd4 34. exd4 Ra4 35. Rd3 Kd6 36. Kg3 Kd5 37. Kf4 Ra6 38. Ke3 Rg6 39. g4 Re6+ 40. Kd2 Ra6 41. Kc2 f6 42. Kd2 Ra4 43. Ke3 Ra7 44. Rc3 Re7+ 45. Kd3 Ra7 46. Rb3 g6 47. Rc3 Ra6 48. h4 Ra7 49. h5 gxh5 50. gxh5 Ra6 51. Rb3 Ra7 52. Rb5+ Kd6 53. Ke4 Rxa3 54. Rb6+ Ke7 55. Rb7+ Kf8 56. Rxh7 Kg8 57. Rd7 Rh3 58. Kf5 Rxh5+ 59. Kg6 Rg5+ 60. Kxf6 1-0

[Event "Coventry op"]
[Site "Coventry"]
[Date "2023.02.19"]
[Round "4"]
[White "Alldritt, Nigel RE"]
[Black "Mikalajunas, Kajus"]
[Result "1-0"]
[WhiteElo "2000"]
[BlackElo "1746"]
[PlyCount "82"]
[EventDate "2023.02.18"]
[EventType "swiss"]
[EventRounds "5"]
[EventCountry "ENG"]
[SourceTitle "CBM 212 Extra"]
[Source "ChessBase"]
[SourceDate "2023.03.31"]
[SourceVersion "1"]
[SourceVersionDate "2023.03.31"]
[SourceQuality "1"]

1. d4 Nf6 2. c4 e6 3. g3 Bb4+ 4. Bd2 Qe7 5. Bg2 0-0 6. Nf3 d5 7. 0-0 Bxd2 8. Nbxd2 b6 9. Qc2 Bb7 10. Ne5 Nbd7 11. cxd5 Nxe5 12. dxe5 Nxd5 13. a3 c5 14. Rac1 Rac8 15. Nc4 Rfd8 16. Nd6 Rb8 17. b4 cxb4 18. e4 b3 19. Qc4 b2 20. Rb1 Nc7 21. Rfd1 Na6 22. Rxb2 Nc5 23. Rbd2 Ba6 24. Qb4 Qg5 25. f4 Qg4 26. Kf2 g5 27. h3 Qh5 28. Bf3 Qh6 29. f5 Bb7 30. Nxb7 Nxb7 31. Rxd8+ Rxd8 32. Rxd8+ Nxd8 33. Qe7 Qf8 34. Qxg5+ Kh8 35. Qf6+ Kg8 36. Bh5 exf5 37. Qg5+ Kh8 38. exf5 Qc5+ 39. Kf1 Qd5 40. h4 Qh1+ 41. Kf2 Qh2+ 1-0

[Event "Coventry op"]
[Site "Coventry"]
[Date "2023.02.18"]
[Round "2"]
[White "Alldritt, Nigel RE"]
[Black "Whitmore, Darren H"]
[Result "1-0"]
[WhiteElo "2000"]
[BlackElo "1751"]
[PlyCount "81"]
[EventDate "2023.02.18"]
[EventType "swiss"]
[EventRounds "5"]
[EventCountry "ENG"]
[SourceTitle "CBM 212 Extra"]
[Source "ChessBase"]
[SourceDate "2023.03.31"]
[SourceVersion "1"]
[SourceVersionDate "2023.03.31"]
[SourceQuality "1"]

1. d4 c5 2. d5 e5 3. c4 d6 4. e4 Be7 5. Nc3 Bg5 6. Nf3 Bxc1 7. Rxc1 Ne7 8. Be2 0-0 9. 0-0 h6 10. Ne1 Nd7 11. Nd3 Ng6 12. Qd2 a6 13. a3 Nf6 14. f3 Nh5 15. g3 Bh3 16. Rfe1 Nf6 17. Qe3 Nh7 18. Nf2 Bd7 19. b4 Rc8 20. Rb1 cxb4 21. Rxb4 f5 22. exf5 Bxf5 23. Nce4 Nf6 24. Rxb7 Bxe4 25. Nxe4 Nxe4 26. fxe4 Rc5 27. Reb1 Rf7 28. Rxf7 Kxf7 29. Bh5 Qe8 30. Qf3+ Kg8 31. Qf5 Kh7 32. Rb7 Rxc4 33. Qf6 Rc1+ 34. Kf2 Rc2+ 35. Ke3 Rc5 36. Kd2 Rc2+ 37. Kd1 Rc1+ 38. Kxc1 Qc8+ 39. Kd2 Qxb7 40. Bxg6+ Kg8 41. Qd8# 1-0

[Event "London Central op"]
[Site "London"]
[Date "2022.11.05"]
[Round "3"]
[White "Alldritt, Nigel RE"]
[Black "Todd, Jamie"]
[Result "1-0"]
[WhiteElo "2014"]
[BlackElo "1678"]
[PlyCount "67"]
[EventDate "2022.11.04"]
[EventType "swiss"]
[EventRounds "5"]
[EventCountry "ENG"]
[SourceTitle "EXT 2024"]
[Source "ChessBase"]
[SourceDate "2023.10.10"]
[SourceVersion "1"]
[SourceVersionDate "2023.10.10"]
[SourceQuality "1"]

1. d4 d5 2. c4 e6 3. Nf3 Nf6 4. g3 dxc4 5. Bg2 c5 6. 0-0 Nc6 7. Qa4 Bd7 8. Qxc4 cxd4 9. Nxd4 Qb6 10. Nxc6 Bxc6 11. Bxc6+ bxc6 12. Nc3 Nd5 13. e4 Nxc3 14. Qxc3 Rd8 15. Be3 Qb5 16. Rfd1 Rxd1+ 17. Rxd1 c5 18. Bg5 f6 19. Bxf6 Kf7 20. Be5 Qe2 21. Rd7+ Ke8 22. Rxa7 Qxe4 23. Qd2 Qb1+ 24. Kg2 Qe4+ 25. f3 Qd5 26. Qxd5 exd5 27. Bxg7 Bxg7 28. Rxg7 c4 29. Ra7 d4 30. Ra8+ Kd7 31. Rxh8 c3 32. bxc3 dxc3 33. Rxh7+ Kd6 34. Rh4 1-0

[Event "BCF-chT 2223 (4NCL)"]
[Site "England"]
[Date "2022.10.22"]
[Round "1.1"]
[White "Alldritt, Nigel RE"]
[Black "Eggleston, David"]
[Result "0-1"]
[WhiteElo "2018"]
[BlackElo "2354"]
[PlyCount "102"]
[EventDate "2022.10.22"]
[EventType "team-swiss"]
[EventRounds "11"]
[EventCountry "ENG"]
[SourceTitle "CBM 210 Extra"]
[Source "ChessBase"]
[SourceDate "2022.11.30"]
[SourceVersion "1"]
[SourceVersionDate "2022.11.30"]
[SourceQuality "1"]
[WhiteTeam "Cambridge University"]
[BlackTeam "Cheddleton"]
[WhiteTeamCountry "ENG"]
[BlackTeamCountry "ENG"]

1. d4 Nf6 2. c4 e6 3. g3 d5 4. Nf3 Be7 5. Bg2 0-0 6. 0-0 dxc4 7. Qc2 a6 8. Qxc4 b5 9. Qc2 Bb7 10. Bg5 Be4 11. Qc1 Nbd7 12. Nc3 Bb7 13. Rd1 Qc8 14. Ne5 Bxg2 15. Kxg2 c5 16. Nxd7 Qxd7 17. dxc5 Qc6+ 18. f3 Qxc5 19. Bxf6 gxf6 20. Ne4 Qe5 21. Rd7 f5 22. Rxe7 fxe4 23. f4 Qd5 24. Qe3 Rac8 25. Ra7 Rc2 26. Rxa6 Rxb2 27. a4 b4 28. Rb6 Rc8 29. Rb5 Qd3 30. Kf2 Rc3 31. Qxd3 exd3 32. a5 Ra3 33. Re1 Raa2 34. Ke3 dxe2 35. Kf2 Kg7 36. g4 Kf6 37. a6 Rxa6 38. Rxe2 Raa2 39. Rxb2 Rxb2+ 40. Kg1 b3 41. Rb7 Kg6 42. h3 h5 43. Rb5 hxg4 44. hxg4 Rb1+ 45. Kg2 b2 46. Rb6 f6 47. Kh2 Kf7 48. Rb7+ Ke8 49. Kg2 e5 50. fxe5 fxe5 51. g5 Kf8 0-1